Kraje najbliższe Hiszpanii. - Statystyki

Ogólne statystyki
  • Ten quiz został rozwiązany 269 razy
  • Średni wynik to 15 z 20
Statystyki odpowiedzi
km Country miles % Poprawnych
0 Portugalia 0
100%
0 Francja 0
99%
334 Włochy 208
94%
0 Andora 0
91%
0 Gibraltar (Wielka Brytania) 0
85%
671 Niemcy 417
85%
0 Maroko 0
84%
468 Szwajcaria 291
83%
805 Belgia 500
82%
68 Algieria 43
81%
373 Monako 232
77%
724 Austria 450
74%
760 San Marino 472
74%
811 Luksemburg 504
73%
719 Watykan 447
73%
716 Liechtenstein 445
71%
498 Tunezja 310
68%
860 Irlandia 534
61%
314 Mauretania 195
46%
816 Mali 507
43%
Nie znaleziono quizów pasujących do podanych kryteriów
Rozkład punktacji
Procent ludzi z każdym wynikiem
Percentyl według liczby udzielonych odpowiedzi
Twoja historia wyników
Nie rozwiązałeś tego quizu